[Event "Shenzhen Women's Grand Prix"]
[Site "Shenzhen CHN"]
[Date "2011.09.08"]
[EventDate "2011.09.07"]
[Round "2"]
[Result "0-1"]
[White "Betul Cemre Yildiz"]
[Black "Zhao Xue"]
[WhiteElo "2308"]
[BlackElo "2497"]
[PlyCount "94"]

1. e4 c5 2. Nf3 e6 3. c4 Qb6 4. Nc3 Nc6 5. Be2 Nd4 6. O-O Ne7
7. d3 Nec6 8. Ne1 Be7 9. f4 a6 10. Rb1 Qd8 11. Be3 b5 12. Bf3
Rb8 13. e5 Bb7 14. Be4 d6 15. exd6 Qxd6 16. Nf3 O-O 17. Rc1 f5
18. Bxc6 Bxc6 19. Bxd4 cxd4 20. Ne2 bxc4 21. Nfxd4 Ba8
22. dxc4 Rxb2 23. Rc2 Rfb8 24. Qd2 Rxc2 25. Qxc2 Bf6 26. Nb3
Be4 27. Qc1 Qc6 28. Ned4 Bxd4+ 29. Nxd4 Qc5 30. Qc3 Rb4
31. Rc1 Ra4 32. Qb2 Rxc4 33. Qb8+ Kf7 34. Rxc4 Qxc4 35. Qb2
Bd5 36. a3 Qd3 37. h3 Qe3+ 38. Qf2 Qxa3 39. Nc2 Qb2 40. Kh2
Be4 41. Qa7+ Kg6 42. Ne1 Qb7 43. Qe3 Qd5 44. Nf3 Bxf3 45. gxf3
a5 46. Qa3 Qd2+ 47. Kg3 e5 0-1

[Event "Shenzhen Women's Grand Prix"]
[Site "Shenzhen CHN"]
[Date "2011.09.09"]
[EventDate "2011.09.07"]
[Round "3"]
[Result "1/2-1/2"]
[White "Yifan Hou"]
[Black "Betul Cemre Yildiz"]
[WhiteElo "2578"]
[BlackElo "2308"]
[PlyCount "179"]

1. e4 e5 2. Nf3 Nc6 3. Bc4 Nf6 4. d3 Be7 5. Bb3 O-O 6. O-O d6
7. c3 Na5 8. Bc2 c5 9. Nbd2 Nc6 10. Re1 Re8 11. Nf1 h6 12. h3
Bf8 13. N3h2 d5 14. exd5 Nxd5 15. Qf3 Be6 16. Ng4 Qc7 17. Ng3
Rad8 18. Bd2 Nde7 19. Nh5 Ng6 20. Qg3 Kh8 21. Rad1 Bf5 22. Qf3
Nh4 23. Qg3 Ng6 24. Bc1 c4 25. Rd2 cxd3 26. Bxd3 Bxd3 27. Rxd3
Rxd3 28. Qxd3 Rd8 29. Qe4 Qd7 30. Ne3 Qe6 31. b3 Nge7 32. Ng3
Nd5 33. Qc2 Nxe3 34. Bxe3 Qd5 35. Qf5 Qd7 36. Qh5 Kg8 37. Qf3
Qe6 38. Qe4 Qd5 39. Qg4 Qd7 40. Nf5 Kh7 41. Bc1 Qe6 42. Ne3
Qxg4 43. hxg4 Rd3 44. Bb2 Bc5 45. Rd1 Rxd1+ 46. Nxd1 Kg6
47. Kh2 f5 48. Kg3 h5 49. gxf5+ Kxf5 50. b4 Bb6 51. Bc1 g5
52. a4 a6 53. a5 Ba7 54. f3 Ne7 55. Bd2 Nd5 56. c4 Nf4 57. c5
Bb8 58. Kf2 Nd5 59. Ne3+ Nxe3 60. Kxe3 Bc7 61. Kd3 g4
62. fxg4+ Kxg4 63. Be1 Kf5 64. Kc4 Ke4 65. c6 b6 66. axb6 Bxb6
67. b5 axb5+ 68. Kxb5 Bc7 69. Ba5 Bd6 70. Kb6 Kd5 71. Bb4 Bb8
72. c7 Bxc7+ 73. Kxc7 e4 74. Kd7 Ke5 75. Be1 e3 76. Ke7 Kf4
77. Kf6 Kg4 78. g3 Kf3 79. Kg5 Ke2 80. Bb4 Kf3 81. Kh4 Kg2
82. Be1 Kf1 83. Bc3 Kg2 84. Bb4 e2 85. Bc3 Kf2 86. Bd2 Kg2
87. Be1 Kf1 88. Bd2 Kg2 89. Be1 Kf1 90. Bd2 1/2-1/2

[Event "Shenzhen Women's Grand Prix"]
[Site "Shenzhen CHN"]
[Date "2011.09.10"]
[EventDate "2011.09.07"]
[Round "4"]
[Result "0-1"]
[White "Betul Cemre Yildiz"]
[Black "Anna Muzychuk"]
[WhiteElo "2308"]
[BlackElo "2545"]
[PlyCount "116"]

1. e4 c5 2. c3 d5 3. exd5 Qxd5 4. d4 Nf6 5. Nf3 e6 6. Na3 a6
7. Nc4 Nbd7 8. Be2 cxd4 9. Qxd4 Bc5 10. Qxd5 Nxd5 11. O-O b5
12. Nce5 N7b6 13. Nd3 Bd6 14. Nd2 Bb7 15. Bf3 Rc8 16. Ne4 Be7
17. Re1 O-O 18. Bd2 Rfd8 19. Rad1 f6 20. Ng3 Kf7 21. Bg4 Rc6
22. Nf4 Nxf4 23. Bxf4 Rxd1 24. Bxd1 e5 25. Bc1 Nc4 26. Nf5 Bc5
27. Bb3 Bc8 28. Ne3 Be6 29. Rd1 Bxe3 30. fxe3 Nd6 31. Bxe6+
Kxe6 32. Kf2 Rc4 33. Ke2 Ra4 34. a3 Rg4 35. Kf3 Rc4 36. Bd2 f5
37. Be1 g5 38. h3 h5 39. b3 g4+ 40. hxg4 hxg4+ 41. Ke2 Rc8
42. Ra1 Ne4 43. Rc1 Nc5 44. Rb1 Kd5 45. c4+ bxc4 46. Rd1+ Ke6
47. bxc4 Ne4 48. Rb1 Rxc4 49. Rb6+ Kd5 50. Rxa6 Rc2+ 51. Kf1
Nd6 52. Ra5+ Ke4 53. Bf2 Nc4 54. Rb5 g3 55. Bxg3 Nxe3+ 56. Ke1
Nxg2+ 57. Kf1 Ne3+ 58. Ke1 Kf3 0-1

[Event "Shenzhen Women's Grand Prix"]
[Site "Shenzhen CHN"]
[Date "2011.09.12"]
[EventDate "2011.09.07"]
[Round "5"]
[Result "1-0"]
[White "Tan Zhongyi"]
[Black "Betul Cemre Yildiz"]
[WhiteElo "2429"]
[BlackElo "2308"]
[PlyCount "47"]

1. d4 d5 2. Nf3 Nf6 3. c4 dxc4 4. e3 e6 5. Bxc4 c5 6. O-O a6
7. Bb3 b5 8. a4 Bb7 9. axb5 axb5 10. Rxa8 Bxa8 11. Na3 c4
12. Bc2 Bxa3 13. bxa3 O-O 14. Bd2 Qc7 15. Qb1 c3 16. Rc1 Bxf3
17. gxf3 Qb7 18. Bxc3 Qxf3 19. Bd1 Qd5 20. Bb4 Ne4 21. Bf3
Qg5+ 22. Bg2 Nxf2 23. Kxf2 Re8 24. Qe4 1-0

[Event "Shenzhen Women's Grand Prix"]
[Site "Shenzhen CHN"]
[Date "2011.09.13"]
[EventDate "2011.09.07"]
[Round "6"]
[Result "1/2-1/2"]
[White "Betul Cemre Yildiz"]
[Black "Viktorija Cmilyte"]
[WhiteElo "2308"]
[BlackElo "2525"]
[PlyCount "104"]

1. e4 c5 2. Nf3 g6 3. c4 Bg7 4. d4 d6 5. Nc3 Bg4 6. Be3 Bxf3
7. gxf3 Qa5 8. dxc5 dxc5 9. Qb3 Nc6 10. Qxb7 Bxc3+ 11. Ke2 Nd8
12. Qxa8 Bxb2 13. Rd1 Nf6 14. Rxd8+ Qxd8 15. Qxd8+ Kxd8
16. Bxc5 Nd7 17. Be3 Kc7 18. Bh3 e6 19. Rb1 Bf6 20. f4 Be7
21. e5 Nb6 22. Bg2 Rc8 23. c5 Nd5 24. Bxd5 exd5 25. Rb5 Kc6
26. a4 Bd8 27. Kf3 Bc7 28. Kg4 h6 29. Bd4 Re8 30. Rb3 Bd8
31. Rb8 h5+ 32. Kf3 Kc7 33. Rb1 Kc6 34. f5 gxf5 35. Kf4 f6
36. Re1 fxe5+ 37. Bxe5 Bc7 38. Kxf5 d4 39. f4 Kd5 40. Kf6
Bxe5+ 41. fxe5 d3 42. Rd1 Re6+ 43. Kf7 Rxe5 44. Rxd3+ Kxc5
45. Rf3 Kb4 46. Rf4+ Kb3 47. Kg6 a5 48. h4 Rc5 49. Re4 Rd5
50. Rf4 Rc5 51. Re4 Rd5 52. Rf4 Rc5 1/2-1/2

[Event "Shenzhen Women's Grand Prix"]
[Site "Shenzhen CHN"]
[Date "2011.09.14"]
[EventDate "2011.09.07"]
[Round "7"]
[Result "1-0"]
[White "Ruan Lufei"]
[Black "Betul Cemre Yildiz"]
[WhiteElo "2477"]
[BlackElo "2308"]
[PlyCount "71"]

1. e4 e5 2. Nc3 Nf6 3. g3 d5 4. exd5 Nxd5 5. Bg2 Nxc3 6. bxc3
Bd6 7. Nf3 c5 8. O-O O-O 9. d3 Nc6 10. Rb1 Qc7 11. Ng5 h6
12. Ne4 Be7 13. c4 Be6 14. Be3 b6 15. Nc3 Qd7 16. Nd5 Rad8
17. a3 Bh3 18. Qh5 Bxg2 19. Kxg2 f5 20. f4 Bd6 21. Rbe1 Rde8
22. fxe5 Bxe5 23. Re2 Bd4 24. Rfe1 Qf7 25. Qf3 Ne5 26. Qf1
Bxe3 27. Rxe3 Ng4 28. Re7 Rxe7 29. Rxe7 Qg6 30. h3 Nf6 31. Nf4
Qh7 32. Qe2 Rf7 33. Re8+ Nxe8 34. Qxe8+ Rf8 35. Qe6+ Rf7
36. Ng6 1-0

[Event "Shenzhen Women's Grand Prix"]
[Site "Shenzhen CHN"]
[Date "2011.09.17"]
[EventDate "2011.09.07"]
[Round "9"]
[Result "1/2-1/2"]
[White "Elina Danielian"]
[Black "Betul Cemre Yildiz"]
[WhiteElo "2517"]
[BlackElo "2308"]
[PlyCount "114"]

1. d4 d5 2. Nf3 c5 3. c4 dxc4 4. e3 cxd4 5. Bxc4 Qc7 6. Bb3
dxe3 7. Bxe3 e6 8. Nc3 Nf6 9. Rc1 Nc6 10. O-O a6 11. Na4 Be7
12. Bb6 Qf4 13. g3 Qb8 14. Be3 Nd7 15. Qc2 Na5 16. Bf4 Qa7
17. Qxc8+ Rxc8 18. Rxc8+ Bd8 19. Rd1 b5 20. Ne5 Nxe5 21. Bxe5
Ke7 22. Nc3 Nxb3 23. axb3 Qb7 24. Rb8 Qf3 25. Bd6+ Kf6 26. Bc5
Ba5 27. Rxh8 Bxc3 28. Rhd8 Bxb2 29. b4 Kg6 30. R8d3 Qg4
31. R1d2 Qc4 32. Rd6 Be5 33. Rd7 Bc3 34. R2d6 Bxb4 35. Bxb4
Qxb4 36. Rxa6 Qe1+ 37. Kg2 Qe4+ 38. Kg1 Qe1+ 39. Kg2 Qe4+
40. Kg1 Qb1+ 41. Kg2 h5 42. h4 Qe4+ 43. Kg1 f5 44. Rb6 Qb1+
45. Kg2 Kf6 46. Rbb7 Qe4+ 47. Kg1 Qe1+ 48. Kg2 Qe4+ 49. Kg1
Qe1+ 50. Kg2 Qe4+ 51. Kh2 Qe2 52. Kg1 Ke5 53. Rb6 Qe1+ 54. Kg2
Qe4+ 55. Kg1 Qe1+ 56. Kg2 Qe4+ 57. Kg1 Qe1+ 1/2-1/2

[Event "Shenzhen Women's Grand Prix"]
[Site "Shenzhen CHN"]
[Date "2011.09.19"]
[EventDate "2011.09.07"]
[Round "11"]
[Result "1-0"]
[White "Batkhuyag Munguntuul"]
[Black "Betul Cemre Yildiz"]
[WhiteElo "2465"]
[BlackElo "2308"]
[PlyCount "69"]

1. e4 e5 2. Nf3 Nc6 3. Bb5 f5 4. d3 fxe4 5. dxe4 Nf6 6. O-O d6
7. Nc3 Be7 8. a4 O-O 9. h3 Kh8 10. Be3 Be6 11. Qe2 Qe8 12. Bc4
Bxc4 13. Qxc4 Nh5 14. b4 Qg6 15. Kh2 Rac8 16. b5 Na5 17. Qb4
b6 18. Nxe5 Qe6 19. Nd3 Bf6 20. Rae1 c5 21. bxc6 Nxc6 22. Qa3
Nd4 23. Bxd4 Bxd4 24. Nb5 Be5+ 25. Nxe5 Qxe5+ 26. Kg1 Rc5
27. Qd3 Rf6 28. g3 Qe6 29. Kh2 a6 30. Nd4 Qc8 31. Re3 Rg6
32. c3 Qxh3+ 33. Kxh3 Nf4+ 34. Kh2 Rh5+ 35. Kg1 1-0

[Event "European Club Cup (Women)"]
[Site "Rogaska Slatina SLO"]
[Date "2011.09.25"]
[EventDate "2011.09.25"]
[Round "1.4"]
[Result "0-1"]
[White "Betul Cemre Yildiz"]
[Black "Nana Dzagnidze"]
[WhiteElo "2308"]
[BlackElo "2525"]
[PlyCount "48"]

1. e4 c5 2. Nf3 d6 3. d4 cxd4 4. Nxd4 Nf6 5. f3 e5 6. Nb3 Be6
7. c4 Nbd7 8. Be3 Rc8 9. Nc3 Bxc4 10. Bxc4 Rxc4 11. Bxa7 b6
12. Qd3 Rb4 13. Nb5 Be7 14. a4 O-O 15. O-O d5 16. exd5 Nc5
17. Nxc5 Bxc5+ 18. Kh1 Nh5 19. f4 exf4 20. Rf3 Rxb2 21. Qf5 g6
22. Qe5 Rd2 23. Qc3 Qxd5 24. h3 Rd1+ 0-1

[Event "European Club Cup (Women)"]
[Site "Rogaska Slatina SLO"]
[Date "2011.09.26"]
[EventDate "2011.09.25"]
[Round "2.4"]
[Result "0-1"]
[White "Betul Cemre Yildiz"]
[Black "Yifan Hou"]
[WhiteElo "2308"]
[BlackElo "2578"]
[PlyCount "58"]

1. e4 c5 2. Nf3 g6 3. d4 cxd4 4. Nxd4 Nf6 5. Bd3 Bg7 6. c4 Nc6
7. Ne2 Ne5 8. Nbc3 d6 9. O-O O-O 10. b3 Bd7 11. Kh1 a6 12. Nd4
b5 13. cxb5 Nxd3 14. Qxd3 axb5 15. Bb2 b4 16. Nd5 Nxd5
17. exd5 Ra5 18. Qe4 Re8 19. a3 bxa3 20. Rxa3 Rxa3 21. Bxa3 f5
22. Qe3 Qa5 23. Bb2 Qxd5 24. Rc1 e5 25. Nf3 Be6 26. Nd2 Qb7
27. Ra1 Rc8 28. Qd3 Bd5 29. f3 e4 0-1

[Event "European Club Cup (Women)"]
[Site "Rogaska Slatina SLO"]
[Date "2011.09.28"]
[EventDate "2011.09.25"]
[Round "4.5"]
[Result "0-1"]
[White "Aleksandra Dimitrijevic"]
[Black "Betul Cemre Yildiz"]
[WhiteElo "2287"]
[BlackElo "2308"]
[PlyCount "106"]

1. c4 c5 2. Nc3 Nf6 3. Nf3 d5 4. cxd5 Nxd5 5. g3 Nc6 6. Bg2
Nc7 7. d3 e5 8. O-O Be7 9. Be3 O-O 10. Rc1 Be6 11. b3 Qd7
12. Re1 f6 13. Qc2 Rac8 14. Qb1 b6 15. Bd2 Rfd8 16. Ne4 Nd5
17. Bc3 Nd4 18. Bb2 Bg4 19. Ned2 Bf8 20. Ba1 g6 21. a3 Bh6
22. e3 Nc6 23. Ne4 Bg7 24. Ned2 Nde7 25. Bf1 Bf5 26. Ne4 a5
27. Nfd2 Be6 28. Nc4 Nd5 29. Bg2 Rb8 30. Red1 Qe7 31. h4 h6
32. a4 Ndb4 33. Nc3 f5 34. Nb5 Bd5 35. Bf1 Bf3 36. Re1 Qd7
37. Nbd6 Bf8 38. Bxe5 Qe6 39. d4 Bxd6 40. Nxd6 Rxd6 41. Bc4
Nd5 42. Bf4 Rbd8 43. dxc5 bxc5 44. Bxh6 Ne5 45. Qa1 f4 46. Bf1
fxg3 47. fxg3 Kh7 48. Bg5 Re8 49. Rxc5 Be4 50. Re2 Qg4
51. Rxa5 Qxg3+ 52. Bg2 Nc3 53. Ra7+ Kg8 0-1

[Event "European Club Cup (Women)"]
[Site "Rogaska Slatina SLO"]
[Date "2011.09.29"]
[EventDate "2011.09.25"]
[Round "5.3"]
[Result "1-0"]
[White "Alexandra Kosteniuk"]
[Black "Betul Cemre Yildiz"]
[WhiteElo "2469"]
[BlackElo "2308"]
[PlyCount "119"]

1. e4 e5 2. Nf3 Nc6 3. Bb5 a6 4. Ba4 d6 5. c3 Bd7 6. d4 g6
7. d5 Nce7 8. Bxd7+ Qxd7 9. O-O Bg7 10. c4 h6 11. Nc3 f5
12. Re1 Nf6 13. c5 fxe4 14. cxd6 cxd6 15. Nd2 O-O 16. Ndxe4
Nxe4 17. Nxe4 Nf5 18. Qg4 Qf7 19. Bd2 Rac8 20. Bc3 Kh7
21. Rad1 b5 22. Kh1 Rc4 23. Qh3 Qe7 24. b3 Rcc8 25. Bb4 Rfd8
26. Rc1 Rxc1 27. Rxc1 Qb7 28. Qd3 Nd4 29. Ba5 Rc8 30. Rxc8
Qxc8 31. Qc3 Qxc3 32. Bxc3 Nf5 33. Bb4 Ne7 34. Nc3 Nc8 35. g4
Bf6 36. Ne4 Be7 37. Ba5 Kg7 38. Kg2 Kf7 39. Kf3 Ke8 40. a3 Bf8
41. h4 Be7 42. h5 Kf7 43. Bc7 Bf8 44. Ke3 gxh5 45. gxh5 Ke7
46. Ba5 Bg7 47. Ng3 Bf6 48. Ne4 Bg7 49. Kf3 Kd7 50. Ng3 Bf6
51. Bd2 Ne7 52. Ke4 Bh4 53. Bxh6 Ng8 54. Bg7 Bxg3 55. fxg3 Ke7
56. g4 Kf7 57. Bxe5 dxe5 58. g5 Ne7 59. Kxe5 Nc8 60. g6+ 1-0

[Event "European Club Cup (Women)"]
[Site "Rogaska Slatina SLO"]
[Date "2011.09.30"]
[EventDate "2011.09.25"]
[Round "6.4"]
[Result "1-0"]
[White "Martha Lorena Fierro Baquero"]
[Black "Betul Cemre Yildiz"]
[WhiteElo "2378"]
[BlackElo "2308"]
[PlyCount "95"]

1. c4 e5 2. g3 Nf6 3. Bg2 d5 4. cxd5 Nxd5 5. Nf3 Nc6 6. O-O
Nb6 7. b3 Be7 8. Bb2 f6 9. d3 O-O 10. Nbd2 Be6 11. Rc1 a5
12. a3 Qd7 13. Ne4 Nd5 14. Nc5 Bxc5 15. Rxc5 b6 16. Rc1 Nde7
17. Qc2 Bd5 18. Rfd1 Qe6 19. Nd2 Bxg2 20. Kxg2 Kh8 21. Qc4 Qd7
22. Qb5 Rad8 23. Nf3 Qd6 24. e4 Qe6 25. Qc4 Qxc4 26. Rxc4 Rd7
27. Ne1 Na7 28. Rdc1 c6 29. f4 Ng6 30. Kf3 Rfd8 31. Ke3 Kg8
32. f5 Ne7 33. g4 g6 34. R4c2 gxf5 35. gxf5 Kf7 36. Rg2 Rg8
37. Rxg8 Kxg8 38. d4 exd4+ 39. Bxd4 c5 40. Bxf6 Kf7 41. Bb2
Nac6 42. Nf3 a4 43. bxa4 Ra7 44. Ng5+ Ke8 45. f6 Ng6 46. f7+
Ke7 47. Rf1 Nd4 48. f8=Q+ 1-0

[Event "European Team Championship (Women)"]
[Site "Porto Carras GRE"]
[Date "2011.11.03"]
[EventDate "2011.11.03"]
[Round "1.13.1"]
[Result "1-0"]
[White "Zhaoqin Peng"]
[Black "Betul Cemre Yildiz"]
[WhiteElo "2379"]
[BlackElo "2301"]
[PlyCount "127"]

1. Nf3 d5 2. c4 dxc4 3. Qa4+ Nc6 4. Nc3 Nf6 5. g3 Nd7 6. Qxc4
e5 7. Bg2 Nb6 8. Qb3 Be6 9. Qc2 Be7 10. O-O O-O 11. d3 Nd4
12. Qb1 f6 13. e3 Nxf3+ 14. Bxf3 c6 15. d4 exd4 16. exd4 Qd7
17. Re1 Rae8 18. Qc2 Bd6 19. Be3 f5 20. d5 Nxd5 21. Nxd5 Bxd5
22. Bxd5+ cxd5 23. Bxa7 f4 24. Qd3 Be5 25. Rad1 fxg3 26. hxg3
Bxb2 27. Rxe8 Rxe8 28. Qb3 Bf6 29. Rxd5 Qf7 30. Be3 Rd8
31. Rb5 Qxb3 32. axb3 Rd7 33. Kg2 Kf7 34. Kf3 Be7 35. Ke4 Bf6
36. Rh5 h6 37. Rb5 Ke6 38. g4 Kf7 39. Bc5 Be7 40. Bd4 Bf6
41. Be3 Ke6 42. f4 Kf7 43. Rd5 Re7+ 44. Kd3 Rc7 45. Bc5 Ke6
46. Ke4 Kf7 47. Kf5 Be7 48. Bd4 Bf6 49. Bxf6 gxf6 50. b4 Kg7
51. Rd6 Rf7 52. Rb6 Rd7 53. Ke6 Rc7 54. f5 h5 55. gxh5 Kh6
56. Kxf6 Kxh5 57. Ke5 Re7+ 58. Kd6 Rf7 59. Ke5 Re7+ 60. Re6
Rf7 61. b5 Kg5 62. Rg6+ Kh5 63. Rg1 Rc7 64. f6 1-0

[Event "European Team Championship (Women)"]
[Site "Porto Carras GRE"]
[Date "2011.11.04"]
[EventDate "2011.11.03"]
[Round "2.14.1"]
[Result "1-0"]
[White "Betul Cemre Yildiz"]
[Black "Elena Sedina"]
[WhiteElo "2301"]
[BlackElo "2343"]
[PlyCount "99"]

1. e4 e6 2. d4 d5 3. Nd2 Nf6 4. e5 Nfd7 5. Bd3 c5 6. c3 Nc6
7. Ne2 cxd4 8. cxd4 f6 9. exf6 Nxf6 10. O-O Bd6 11. Nf3 Qc7
12. Nc3 a6 13. Bg5 O-O 14. Bh4 Nh5 15. Rc1 g6 16. Bg3 Nxg3
17. hxg3 Qg7 18. Bb1 g5 19. Ne2 Bd7 20. Qd3 Rf7 21. Qe3 h6
22. Rcd1 Re8 23. Qb3 b5 24. a3 Kh8 25. Ba2 Ref8 26. Qe3 Re7
27. Qd2 b4 28. Qd3 Be8 29. Rc1 bxa3 30. bxa3 Nb8 31. Rc8 Bb5
32. Rxf8+ Qxf8 33. Qe3 Nd7 34. Re1 Qf6 35. Nc3 Nb6 36. Ne5 Nc4
37. Nxc4 Bxc4 38. Bxc4 Bxa3 39. Bxa6 Bb4 40. Rb1 Ba5 41. Rb7
Rxb7 42. Bxb7 Bb6 43. Ne2 Kg7 44. f4 Kf7 45. Qe5 Qe7 46. Bc8
Qe8 47. Qd6 Bxd4+ 48. Nxd4 Qxc8 49. Nc6 Kf6 50. f5 1-0

[Event "European Team Championship (Women)"]
[Site "Porto Carras GRE"]
[Date "2011.11.05"]
[EventDate "?"]
[Round "3.1"]
[Result "1/2-1/2"]
[White "Eva Kulovana"]
[Black "Betul Cemre Yildiz"]
[WhiteElo "2297"]
[BlackElo "2301"]
[PlyCount "70"]

1. e4 e5 2. Nf3 Nc6 3. Bb5 a6 4. Ba4 Nf6 5. O-O b5 6. Bb3 Bb7
7. d3 Bd6 8. a3 O-O 9. Nc3 h6 10. h3 Re8 11. Ne2 Bf8 12. Ng3
Na5 13. Ba2 c5 14. Nh2 d5 15. Qf3 c4 16. Ng4 Nxg4 17. Qxg4 Bc8
18. Qf3 Be6 19. Nf5 dxe4 20. dxe4 Nc6 21. c3 Bxf5 22. Qxf5 Bc5
23. Qg4 Re6 24. Qe2 Qh4 25. b3 Rg6 26. Kh1 cxb3 27. Bxb3 Rd8
28. a4 b4 29. f3 Qg3 30. Ra2 bxc3 31. Qc4 Na5 32. Qxc3 Nxb3
33. Qxb3 Bd4 34. Be3 Bxe3 35. Qxe3 Rgd6 1/2-1/2

[Event "European Team Championship (Women)"]
[Site "Porto Carras GRE"]
[Date "2011.11.06"]
[EventDate "2011.11.03"]
[Round "4.7.1"]
[Result "1/2-1/2"]
[White "Betul Cemre Yildiz"]
[Black "Hoang Thanh Trang"]
[WhiteElo "2301"]
[BlackElo "2446"]
[PlyCount "65"]

1. e4 e6 2. d4 d5 3. Nd2 Be7 4. Bd3 c5 5. dxc5 Nf6 6. Ngf3
dxe4 7. Nxe4 Nxe4 8. Bxe4 Qxd1+ 9. Kxd1 Bxc5 10. Ke2 Nd7
11. Be3 Bxe3 12. Kxe3 Nc5 13. Rad1 Nxe4 14. Kxe4 b6 15. Rd4
Bb7+ 16. Ke3 Ke7 17. Rhd1 Rhd8 18. Rxd8 Rxd8 19. Rxd8 Kxd8
20. c4 Ke7 21. Ne1 a5 22. f3 Kd6 23. Nd3 e5 24. g4 f6 25. b3
g6 26. a3 Ba6 27. Nb2 b5 28. cxb5 Bxb5 29. Nd1 Kc5 30. Nc3 f5
31. gxf5 gxf5 32. Nxb5 Kxb5 33. Kd3 1/2-1/2

[Event "European Team Championship (Women)"]
[Site "Porto Carras GRE"]
[Date "2011.11.07"]
[EventDate "2011.11.03"]
[Round "5.11.1"]
[Result "1/2-1/2"]
[White "Betul Cemre Yildiz"]
[Black "Gundula Heinatz"]
[WhiteElo "2301"]
[BlackElo "2205"]
[PlyCount "60"]

1. e4 c5 2. Nf3 Nc6 3. d4 cxd4 4. Nxd4 g6 5. c4 Nf6 6. Nc3 d6
7. Be2 Nxd4 8. Qxd4 Bg7 9. Be3 O-O 10. Qd2 Be6 11. O-O a5
12. f3 Nd7 13. Rac1 a4 14. Rfd1 Nc5 15. Bf1 Qb6 16. Kh1 Rfc8
17. Bg5 f6 18. Bh4 Qb4 19. Qe3 Qxb2 20. Rb1 Qa3 21. Qd2 Bh6
22. Qc2 Na6 23. Nb5 Qc5 24. Bf2 Be3 25. Bxe3 Qxe3 26. Nd4 Bf7
27. Rxb7 Kf8 28. Nb5 Nc5 29. Rc7 Rxc7 30. Nxc7 Rb8 1/2-1/2

[Event "European Team Championship (Women)"]
[Site "Porto Carras GRE"]
[Date "2011.11.08"]
[EventDate "2011.11.03"]
[Round "6.8.1"]
[Result "1-0"]
[White "Iva Videnova"]
[Black "Betul Cemre Yildiz"]
[WhiteElo "2297"]
[BlackElo "2301"]
[PlyCount "63"]

1. e4 e5 2. Nf3 Nc6 3. Bb5 Nge7 4. Nc3 g6 5. d4 exd4 6. Nd5
Bg7 7. Bg5 h6 8. Bf6 Bxf6 9. Nxf6+ Kf8 10. Qd2 a6 11. Ba4 Kg7
12. Nxd4 Kxf6 13. Qc3 Ne5 14. f4 d5 15. O-O-O Kg7 16. fxe5 Bg4
17. Nf3 Be6 18. Qe3 c6 19. Qf4 Nc8 20. exd5 cxd5 21. Bb3 Nb6
22. Rhf1 Qe7 23. h4 Rac8 24. Nd4 Nd7 25. Rd3 h5 26. Rdf3 Rhf8
27. Rg3 f6 28. Qf5 Bg8 29. Qxg6+ Kh8 30. Qxh5+ Bh7 31. Nf5 Qe8
32. Qh6 1-0

[Event "European Team Championship (Women)"]
[Site "Porto Carras GRE"]
[Date "2011.11.09"]
[EventDate "2011.11.03"]
[Round "7.10.1"]
[Result "1/2-1/2"]
[White "Betul Cemre Yildiz"]
[Black "Masha Klinova"]
[WhiteElo "2301"]
[BlackElo "2316"]
[PlyCount "121"]

1. e4 c6 2. d4 d5 3. Nd2 dxe4 4. Nxe4 Bf5 5. Ng3 Bg6 6. h4 h6
7. Nf3 Nd7 8. h5 Bh7 9. Bd3 Bxd3 10. Qxd3 e6 11. Bd2 Ngf6
12. O-O-O Be7 13. Ne4 Nxe4 14. Qxe4 Nf6 15. Qd3 Qd5 16. c4 Qe4
17. Qxe4 Nxe4 18. Be3 O-O 19. Ne5 Rfd8 20. g4 Rac8 21. f3 Nf6
22. g5 hxg5 23. Bxg5 Rc7 24. Bf4 Bd6 25. h6 Nh7 26. c5 Bxe5
27. Bxe5 Rcd7 28. Rdg1 f6 29. Bd6 g5 30. Kc2 Kf7 31. Re1 Nf8
32. Re3 Ng6 33. Rhe1 Re8 34. h7 Rh8 35. Rxe6 Rxh7 36. R6e3 Nh4
37. Re7+ Kg6 38. Rxh7 Rxh7 39. Rh1 Nf5 40. Rxh7 Kxh7 41. Kd3
Kg6 42. Ke4 Nh4 43. b4 f5+ 44. Ke3 Kf6 45. d5 cxd5 46. b5 Ke6
47. Bb8 f4+ 48. Kf2 Kd7 49. Bxa7 Nf5 50. a4 d4 51. a5 d3
52. a6 bxa6 53. bxa6 Nd4 54. c6+ Nxc6 55. Bc5 Kc7 56. Ke1 Kc8
57. Kd2 Ne5 58. Be7 Nxf3+ 59. Kxd3 Ne5+ 60. Ke4 Nf7 61. Bxg5
1/2-1/2

[Event "European Team Championship (Women)"]
[Site "Porto Carras GRE"]
[Date "2011.11.10"]
[EventDate "2011.11.03"]
[Round "8.11.1"]
[Result "0-1"]
[White "Dana Reizniece-Ozola"]
[Black "Betul Cemre Yildiz"]
[WhiteElo "2281"]
[BlackElo "2301"]
[PlyCount "92"]

1. c4 c5 2. g3 Nf6 3. Bg2 Nc6 4. Nc3 g6 5. e4 d6 6. Nge2 Bg7
7. a3 O-O 8. Rb1 a5 9. d3 e5 10. O-O Ne8 11. Nd5 Bd7 12. b4
axb4 13. axb4 Nxb4 14. Nxb4 cxb4 15. Rxb4 Bc6 16. d4 Qa5
17. Rb1 b5 18. dxe5 bxc4 19. Bb2 Bxe5 20. Qc1 Qc5 21. Kh1 Nf6
22. Nc3 Ng4 23. Qd2 Bg7 24. Ba1 Ra3 25. h3 Ne5 26. f4 Nd3
27. f5 Rfa8 28. f6 Bxf6 29. Na4 Bg5 30. Nxc5 Bxd2 31. Nxd3
Rxd3 32. Rb6 Rc8 33. Bf6 Bc3 34. Bg5 Bd4 35. Ra6 c3 36. Bf4
Be5 37. Bh6 c2 38. Ra7 Be8 39. Bf3 Bxg3 40. Kg2 Be5 41. Bg4
Rg3+ 42. Kh1 Bc6 43. Raxf7 Bxe4+ 44. Bf3 Bxf3+ 45. R7xf3 Rxf3
46. Rxf3 c1=Q+ 0-1

[Event "European Team Championship (Women)"]
[Site "Porto Carras GRE"]
[Date "2011.11.11"]
[EventDate "2011.11.03"]
[Round "9.10.1"]
[Result "1-0"]
[White "Betul Cemre Yildiz"]
[Black "Valentina Golubenko"]
[WhiteElo "2301"]
[BlackElo "2293"]
[PlyCount "75"]

1. e4 e6 2. d4 d5 3. Nd2 c5 4. exd5 Qxd5 5. dxc5 Bxc5 6. Ngf3
Nf6 7. Bd3 O-O 8. Qe2 Nc6 9. a3 Nd4 10. Nxd4 Bxd4 11. O-O e5
12. Ne4 Nxe4 13. Bxe4 Qe6 14. c3 Bb6 15. Rd1 Qe7 16. a4 a5
17. Be3 Bxe3 18. Qxe3 Ra6 19. Rd5 f6 20. Rad1 Be6 21. Rb5 Rd8
22. Rxd8+ Qxd8 23. h3 Rd6 24. Rxb7 f5 25. Qa7 Qf6 26. Rb8+ Rd8
27. Bc6 h6 28. b4 axb4 29. cxb4 Kh7 30. Rxd8 Qxd8 31. Qc5 Qd1+
32. Kh2 Qe2 33. b5 f4 34. b6 e4 35. b7 e3 36. Be4+ Kh8
37. b8=Q+ Bg8 38. Qf5 1-0

[Event "FIDE Women's World Team Championship"]
[Site "Mardin TUR"]
[Date "2011.12.18"]
[EventDate "2011.12.18"]
[Round "1"]
[Result "1/2-1/2"]
[White "Betul Cemre Yildiz"]
[Black "Ju Wenjun"]
[WhiteElo "2297"]
[BlackElo "2543"]
[PlyCount "107"]

1. e4 c5 2. Nf3 Nc6 3. d4 cxd4 4. Nxd4 Qc7 5. Be3 e6 6. a3 a6
7. c4 Nf6 8. Nc3 Be7 9. Be2 O-O 10. O-O d6 11. Rc1 Nxd4
12. Qxd4 Bd7 13. Rfd1 Rac8 14. Qd2 Bc6 15. f3 Qb8 16. a4 h6
17. b4 b6 18. b5 axb5 19. axb5 Ba8 20. Bf1 Nd7 21. Na4 Nc5
22. Qa2 Rfd8 23. Nxc5 dxc5 24. Rd3 Rxd3 25. Bxd3 Rd8 26. Rd1
Bd6 27. g3 Be5 28. Be2 Bd4 29. Bxd4 cxd4 30. Bd3 Bb7 31. Ra1
Qc7 32. Qb2 e5 33. Ra7 Qe7 34. Qd2 Rd7 35. Ra1 Rc7 36. Qe2 Bc8
37. Ra8 Kh7 38. Ra4 Qg5 39. Ra1 Be6 40. Kg2 Qe7 41. Ra4 g6
42. Qc2 h5 43. Ra6 Qf6 44. Qe2 Bc8 45. Ra8 h4 46. Qf2 Be6
47. Ra4 h3+ 48. Kg1 Qg5 49. f4 Qh5 50. Be2 Bg4 51. Bd3 Be6
52. Be2 Bg4 53. Bd3 Be6 54. Be2 1/2-1/2

[Event "FIDE Women's World Team Championship"]
[Site "Mardin TUR"]
[Date "2011.12.19"]
[EventDate "2011.12.18"]
[Round "2"]
[Result "1-0"]
[White "Koneru Humpy"]
[Black "Betul Cemre Yildiz"]
[WhiteElo "2600"]
[BlackElo "2297"]
[PlyCount "102"]

1. Nf3 d5 2. d4 c5 3. e3 e6 4. b3 Nf6 5. Bd3 Nc6 6. O-O Qc7
7. Bb2 Bd6 8. Na3 a6 9. c4 cxd4 10. exd4 O-O 11. c5 Be7
12. Nb1 b6 13. cxb6 Qxb6 14. Nc3 a5 15. Na4 Qa7 16. Ne5 Nb4
17. Be2 Bd7 18. a3 Nc6 19. Rc1 Rfc8 20. Nxd7 Nxd7 21. Bb5 Qb7
22. Qd3 Bd8 23. Rfe1 Ne7 24. Nc5 Nxc5 25. dxc5 Ng6 26. g3 Bf6
27. Bxf6 gxf6 28. Qe2 Qe7 29. b4 axb4 30. axb4 Ne5 31. Ra1
Rab8 32. Ra5 d4 33. Qe4 Qd8 34. Ba6 Rc7 35. Ra4 Qd7 36. Rea1
Rd8 37. f4 Ng4 38. Bd3 f5 39. Qf3 Ne3 40. Ra6 Qd5 41. Qxd5
Nxd5 42. Ra8 Rxa8 43. Rxa8+ Kg7 44. Rb8 h5 45. Kf2 h4 46. Ke2
hxg3 47. hxg3 Kf6 48. Bc4 Ne7 49. Kd3 Kg7 50. Rb6 e5 51. fxe5
Nc6 1-0